Vista normal
Vista MARC
Entrada Materia (corporativa)
Número de registros utilizados en: 1
001 - CONTROL NUMBER
- control field: 158109
003 - CONTROL NUMBER IDENTIFIER
- control field: Co-BoUCM
005 - DATE AND TIME OF LATEST TRANSACTION
- control field: 20211110115919.0
008 - FIXED-LENGTH DATA ELEMENTS
- fixed length control field: 211110|| aca||aabn | a|a d
040 ## - CATALOGING SOURCE
- Original cataloging agency: Co-BoUCM
- Transcribing agency: Co-BoUCM
110 ## - HEADING--CORPORATE NAME
- Corporate name or jurisdiction name as entry element: PARCUM
670 ## - SOURCE DATA FOUND
- Source citation: Work cat.: (Co-BoUCM)31102: PARCUM, Parlamento cultural del Mercosur 1996-2000 Textos constitucionales de la República Argentina, Bolivia, Brasil, Chile, Paraguay y Oriental del Uruguay, 2000